000 00640nam a2200193 i 4500
001 95250
003 ES-MaACL
005 20230906181650.0
007 t|
008 050525s1956 sp ||||1| spa d
100 1 _aLux, Hermann.
_974892
245 1 0 _aManual práctico de análisis químico cuantitativo /
_cpor Hermann Lux; [traducción de Ignacio Bolívar Izquierdo].
250 _a[1ª ed. española].
260 _aMadrid :
_bAlhambra,
_c1956.
300 _a218 p. :
_bil. ;
_c19 cm.
650 4 _aAnálisis químico cuantitativo.
_9165376
700 1 _aBolívar Izquierdo, Ignacio.
_9165377
852 _aES-MaACL
_jC-10007
_bR.38120
999 _c95250
_d95250